| 000 | 00986cam a2200277 a 4500 | ||
|---|---|---|---|
| 001 | 3052732 | ||
| 003 | ARRUPE | ||
| 005 | 20150216174245.0 | ||
| 008 | 960528s1996 pau 001 0 eng | ||
| 010 | _a 96024697 | ||
| 020 | _a1563381656 (pbk. : alk. paper) | ||
| 040 |
_aDLC _cDLC _dDLC |
||
| 043 | _an-us--- | ||
| 050 | 0 | 0 |
_aBT738.17 _b.C38 1996 |
| 082 | 0 | 0 |
_a207/.1/1 _220 |
| 100 | 1 |
_aCarmody, Denise Lardner, _d1935- _915070 |
|
| 245 | 1 | 0 |
_aOrganizing a Christian mind : _ba theology of higher education / _cDenise Lardner Carmody. |
| 260 |
_aValley Forge, Pa. : _bTrinity Press International, _cc1996. |
||
| 300 |
_ax, 229 p. ; _c22 cm. |
||
| 500 | _aIncludes index. | ||
| 650 | 0 |
_aEducation (Christian theology) _9357 |
|
| 650 | 0 |
_aEducation, Higher _zUnited States. _915071 |
|
| 906 |
_a7 _bcbc _corignew _d1 _eocip _f19 _gy-gencatlg |
||
| 942 |
_2lcc _cMONOGRAPH |
||
| 999 |
_c122028 _d122028 |
||